[Event "Sportsko leto 2013"]
[Site "Paracin, hotel "]
[Date "2013.07.11"]
[Round "8.30"]
[White "Ratkovic, Miloje"]
[Black "Markovic, Aleksandar"]
[Result "1/2-1/2"]
[WhiteElo "2258"]
[BlackElo "2111"]
[PlyCount "72"]
[EventDate "2013.07.05"]

1. d4 Nf6 2. Nf3 g6 3. e3 Bg7 4. Be2 O-O 5. O-O d6 6. c4 c5 7. Nc3 cxd4 8. Nxd4
Nc6 9. Nxc6 bxc6 10. Bf3 Bb7 11. Qc2 Rb8 12. b3 c5 13. Bxb7 Rxb7 14. Bb2 Qd7
15. Rad1 Rfb8 16. Rfe1 Ne8 17. e4 Bd4 18. Nd5 e6 19. Ne3 e5 20. Bxd4 cxd4 21.
Nd5 Kg7 22. f4 Nc7 23. Qf2 Nxd5 24. exd5 f6 25. c5 Rb5 26. Rc1 Rxc5 27. Rxc5
dxc5 28. fxe5 fxe5 29. Rxe5 Re8 30. Qe1 Rxe5 31. Qxe5+ Kf7 32. h3 Qe7 33. Qf4+
Ke8 34. Qb8+ Kf7 35. Qf4+ Ke8 36. Qb8+ Kf7 1/2-1/2

[Event "Sportsko leto 2013"]
[Site "Paracin, hotel "]
[Date "2013.07.11"]
[Round "8.31"]
[White "Spiric, Igor"]
[Black "Rajkovic, Mladen"]
[Result "0-1"]
[WhiteElo "2255"]
[BlackElo "2015"]
[PlyCount "64"]
[EventDate "2013.07.05"]

1. d4 d5 2. c4 c6 3. Nf3 Nf6 4. e3 Bg4 5. Nbd2 e6 6. Be2 Nbd7 7. O-O Bd6 8. b3
O-O 9. Bb2 Rc8 10. Ne5 Bxe2 11. Qxe2 Ne8 12. e4 f6 13. Nd3 Nc7 14. e5 fxe5 15.
dxe5 Be7 16. Rad1 Nc5 17. Nxc5 Bxc5 18. Ne4 Qe7 19. Ng3 Qh4 20. Kh1 Rf7 21. Bc1
Rcf8 22. f4 g6 23. f5 exf5 24. cxd5 Nxd5 25. e6 Re7 26. Rf3 Bd6 27. Bb2 Rfe8
28. Rd4 Qh6 29. Rxd5 cxd5 30. Qd3 Rxe6 31. Qxd5 Bxg3 32. Rxg3 Qd2 0-1

[Event "Sportsko leto 2013"]
[Site "Paracin, hotel "]
[Date "2013.07.11"]
[Round "8.32"]
[White "Kasparova, Tatiana"]
[Black "Livaja, Mario"]
[Result "0-1"]
[WhiteElo "2133"]
[BlackElo "2225"]
[PlyCount "84"]
[EventDate "2013.07.05"]

1. e4 c5 2. Nf3 e6 3. d4 cxd4 4. Nxd4 Nf6 5. Bd3 Nc6 6. Nxc6 bxc6 7. O-O d5 8.
Nd2 Be7 9. Qe2 O-O 10. b3 a5 11. Rb1 Nd7 12. Bb2 Nc5 13. Rfd1 Nxd3 14. Qxd3 Bf6
15. Bxf6 Qxf6 16. Nf3 a4 17. b4 Ba6 18. Qe3 a3 19. e5 Qg6 20. Nd4 Rfc8 21. Rb3
Qh5 22. Nf3 Bc4 23. Rxa3 Rxa3 24. Qxa3 Be2 25. Re1 Bxf3 26. Qxf3 Qxf3 27. gxf3
Ra8 28. Ra1 Ra3 29. Kf1 Kf8 30. Ke2 Ke7 31. f4 Kd7 32. c4 dxc4 33. Rc1 Rxa2+
34. Kf1 Ra4 35. Rxc4 c5 36. Rxc5 Rxb4 37. Kg2 Rxf4 38. Kg3 g5 39. Ra5 h5 40.
Ra3 Kc6 41. Rf3 Rxf3+ 42. Kxf3 Kd5 0-1

[Event "Sportsko leto 2013"]
[Site "Paracin, hotel "]
[Date "2013.07.11"]
[Round "8.34"]
[White "Persson, Richard"]
[Black "Lazov, Toni"]
[Result "1-0"]
[WhiteElo "2175"]
[BlackElo "1921"]
[PlyCount "59"]
[EventDate "2013.07.05"]

1. e4 c5 2. Nf3 d6 3. Bb5+ Nd7 4. d4 cxd4 5. Qxd4 Ngf6 6. O-O g6 7. e5 dxe5 8.
Qxe5 Bg7 9. Re1 e6 10. Qd6 a6 11. Ba4 Qe7 12. Qg3 O-O 13. Qh4 b5 14. Bb3 Nc5
15. Bg5 Bb7 16. Nbd2 Rad8 17. Rad1 a5 18. a3 Rd6 19. Ne5 Ncd7 20. Ndf3 Rxd1 21.
Rxd1 Bxf3 22. Rxd7 Qxd7 23. Nxd7 Nxd7 24. gxf3 Bxb2 25. a4 b4 26. Qe4 Kg7 27.
Be3 e5 28. Qb7 Nf6 29. Bc5 Rd8 30. Qxf7+ 1-0

[Event "Sportsko leto 2013"]
[Site "Paracin, hotel "]
[Date "2013.07.11"]
[Round "8.36"]
[White "Jovanovic, Aleksandar D"]
[Black "Van Vliet, Dennis"]
[Result "1-0"]
[WhiteElo "2229"]
[BlackElo "2079"]
[PlyCount "81"]
[EventDate "2013.07.05"]

1. d4 d5 2. c4 e6 3. Nc3 c5 4. Nf3 Nc6 5. e3 Nf6 6. Bd3 cxd4 7. exd4 dxc4 8.
Bxc4 Be7 9. O-O O-O 10. Be3 b6 11. Qe2 Bb7 12. Rfd1 Na5 13. Bd3 Nd5 14. Rac1
Rc8 15. Ne5 f5 16. Bb5 f4 17. Bd2 f3 18. Nxf3 Nxc3 19. Rxc3 Rxc3 20. Qxe6+ Kh8
21. bxc3 Bd5 22. Qh3 Bxf3 23. Bd3 h6 24. gxf3 Bg5 25. Be3 Qf6 26. Kg2 Nb7 27.
c4 Nd8 28. Be4 Ne6 29. Qg4 Rd8 30. Bf5 Nf8 31. f4 Bh4 32. d5 Qe7 33. d6 Qb7+
34. Qf3 Qxf3+ 35. Kxf3 Kg8 36. a4 Kf7 37. a5 g6 38. Bh3 Rb8 39. axb6 axb6 40.
Rb1 Bd8 41. c5 1-0

[Event "Sportsko leto 2013"]
[Site "Paracin, hotel "]
[Date "2013.07.11"]
[Round "8.37"]
[White "Stojkovska, Monika"]
[Black "Djordjevic, Gradimir"]
[Result "1-0"]
[WhiteElo "2005"]
[BlackElo "2216"]
[PlyCount "93"]
[EventDate "2013.07.05"]

1. e4 e5 2. Nf3 d6 3. d4 Nd7 4. Nc3 c6 5. a4 a5 6. Bc4 Be7 7. O-O Ngf6 8. Re1
O-O 9. h3 h6 10. Ba2 Re8 11. Be3 Qc7 12. Nd2 Nf8 13. Nc4 Ra6 14. Qf3 Be6 15.
dxe5 dxe5 16. Red1 Ng6 17. Nd2 Bxa2 18. Rxa2 b5 19. axb5 cxb5 20. Nxb5 Qxc2 21.
Raa1 Qc6 22. Na3 Rb8 23. Rdc1 Qd7 24. Rc2 Rc6 25. Nac4 Bb4 26. b3 Qd3 27. Rca2
Ra6 28. Qf5 Bc3 29. Nb2 Bxd2 30. Nxd3 Bc3 31. g3 Bxa1 32. Rxa1 Ne8 33. Nc5 Raa8
34. Qf3 Rb5 35. Qe2 Nc7 36. Rd1 Nf8 37. Rd6 Rab8 38. Qg4 Kh7 39. Nd7 Ne8 40.
Nxf8+ Kg8 41. Nd7 Nxd6 42. Nxb8 Rxb8 43. Bxh6 Ne8 44. Bd2 Nf6 45. Qf3 Rb5 46.
Qd3 Rc5 47. Bg5 1-0

[Event "Sportsko leto 2013"]
[Site "Paracin, hotel "]
[Date "2013.07.11"]
[Round "8.38"]
[White "Petrovic, Marija"]
[Black "Zlatanovic, Zoran"]
[Result "1/2-1/2"]
[WhiteElo "2104"]
[BlackElo "2210"]
[PlyCount "127"]
[EventDate "2013.07.05"]

1. Nf3 Nf6 2. d4 e6 3. g3 c5 4. dxc5 Bxc5 5. Bg2 Be7 6. O-O d6 7. c4 Qc7 8. b3
Nbd7 9. Bb2 a6 10. Nc3 b6 11. Rc1 Bb7 12. Qd2 O-O 13. Rfd1 Rac8 14. Qe3 Rfe8
15. h3 Bf8 16. Na4 e5 17. Nc3 Qb8 18. Rc2 b5 19. cxb5 axb5 20. Qc1 b4 21. Na4
Be4 22. Rxc8 Rxc8 23. Qe3 Bc6 24. Ne1 Bxa4 25. bxa4 Nc5 26. Rb1 Qa7 27. Ba1
Qxa4 28. Qd2 Rb8 29. Qc2 b3 30. axb3 Rxb3 31. Rxb3 Qxb3 32. Qxb3 Nxb3 33. Bc3
Nc5 34. Nc2 Be7 35. Ne3 Kf8 36. Ba5 Nce4 37. g4 h6 38. Bc7 Nc3 39. Kf1 Ne8 40.
Ba5 Nb5 41. Nd5 Nf6 42. e3 Na3 43. Ke2 Nc4 44. Bc7 Ne8 45. Bb8 Bd8 46. Kd3 Nb6
47. Nb4 Bc7 48. Ba7 Nc8 49. Nc6 Nxa7 50. Nxa7 Ke7 51. Bc6 Nf6 52. Kc4 Ba5 53.
f4 exf4 54. exf4 Bd2 55. f5 Bf4 56. Bf3 Bg3 57. Nc6+ Kd7 58. Nd4 Bf2 59. Ne2
Ke7 60. Nf4 Bg3 61. Ne2 Be5 62. Nc1 Bg3 63. Ne2 Be5 64. Nc1 1/2-1/2

[Event "Sportsko leto 2013"]
[Site "Paracin, hotel "]
[Date "2013.07.11"]
[Round "8.39"]
[White "Banovic, Ivan"]
[Black "Marjanovics, Annamaria"]
[Result "1-0"]
[WhiteElo "2188"]
[BlackElo "2002"]
[PlyCount "67"]
[EventDate "2013.07.05"]

1. d4 Nf6 2. Nf3 e6 3. Bg5 h6 4. Bh4 d6 5. e3 g5 6. Bg3 Nh5 7. Bd3 Bg7 8. Nfd2
Nxg3 9. hxg3 Nc6 10. c3 Bd7 11. Na3 Qe7 12. b4 d5 13. Nb5 O-O-O 14. a4 e5 15.
O-O h5 16. Nb3 f5 17. Nc5 f4 18. Re1 Qf7 19. a5 e4 20. Bf1 Rdf8 21. gxf4 gxf4
22. exf4 Qxf4 23. Ra2 Bg4 24. Qd2 Qf6 25. c4 Bh6 26. Qc3 Be6 27. Nxe6 Qxe6 28.
cxd5 Qxd5 29. Bc4 Qf5 30. a6 b6 31. Bf1 Qd5 32. Rc2 Rf6 33. Nxa7+ Kd7 34. Bb5
1-0

[Event "Sportsko leto 2013"]
[Site "Paracin, hotel "]
[Date "2013.07.11"]
[Round "8.41"]
[White "Bejatovic, Bojana"]
[Black "Djordjevic, Vuk"]
[Result "1-0"]
[WhiteElo "2002"]
[BlackElo "2138"]
[PlyCount "81"]
[EventDate "2013.07.05"]

1. d4 Nf6 2. Nf3 e6 3. Bg5 c5 4. e3 d5 5. c3 Nc6 6. Nbd2 Bd7 7. Bd3 h6 8. Bh4
b6 9. Ne5 Be7 10. f4 Ng8 11. Bg3 h5 12. Qf3 h4 13. Bf2 f5 14. g4 Nxe5 15. fxe5
g6 16. O-O-O Nh6 17. Rhg1 c4 18. Bc2 Nf7 19. gxf5 gxf5 20. Qg2 b5 21. Nf3 a5
22. Qg6 Qc8 23. Ng5 Bxg5 24. Rxg5 Rh6 25. Qg7 Ke7 26. Bxh4 Rxh4 27. Qf6+ Kf8
28. Rg7 Be8 29. Rdg1 Rh8 30. Rxf7+ Bxf7 31. Qxh8+ Ke7 32. Qf6+ Ke8 33. Bd1 Qd8
34. Qh6 Ra7 35. Bh5 Qe7 36. Bxf7+ Kd7 37. Bxe6+ Kc6 38. Bxf5+ Kc7 39. Rg7 Qxg7
40. Qxg7+ Kc6 41. Qxa7 1-0

[Event "Sportsko leto 2013"]
[Site "Paracin, hotel "]
[Date "2013.07.11"]
[Round "8.42"]
[White "Colovic, Zoran"]
[Black "Todorovic, Radisa J"]
[Result "1-0"]
[WhiteElo "2112"]
[BlackElo "1960"]
[PlyCount "51"]
[EventDate "2013.07.05"]

1. e4 e6 2. d4 d5 3. Nc3 Nf6 4. Bg5 Be7 5. e5 Nfd7 6. h4 Bxg5 7. hxg5 Qxg5 8.
Nh3 Qe7 9. Nf4 c6 10. a3 a6 11. Bd3 Nf8 12. Nh5 Rg8 13. Qg4 Ng6 14. Ne2 Nd7 15.
Nef4 Ndf8 16. Nxg7+ Rxg7 17. Nh5 Kd8 18. Nxg7 f5 19. exf6 Qxf6 20. Nh5 Qf7 21.
O-O-O Kc7 22. Qg3+ Kb6 23. Qg5 Bd7 24. Nf6 e5 25. dxe5 Ne6 26. Bxg6 1-0

[Event "Sportsko leto 2013"]
[Site "Paracin, hotel "]
[Date "2013.07.11"]
[Round "8.43"]
[White "Burovic, Rijad"]
[Black "Tisma, Ivan"]
[Result "1/2-1/2"]
[WhiteElo "1919"]
[BlackElo "2096"]
[PlyCount "191"]
[EventDate "2013.07.05"]

1. e4 c5 2. d3 g6 3. f4 d6 4. Nf3 Bg7 5. g3 Nc6 6. Bg2 e6 7. O-O Nge7 8. c3 O-O
9. Be3 Rb8 10. Re1 b5 11. d4 cxd4 12. cxd4 Bb7 13. Nc3 b4 14. Na4 Na5 15. Bf2
Qd7 16. b3 Bc6 17. Nb2 Qb7 18. Nd3 Rfd8 19. Rc1 Be8 20. Qd2 Nac6 21. Rc2 a5 22.
e5 Nd5 23. exd6 Rxd6 24. Nfe5 Qa7 25. Nc5 Nce7 26. Rec1 h5 27. Ne4 Rdd8 28. Rc5
a4 29. bxa4 Qxa4 30. Rb1 b3 31. axb3 Rxb3 32. Rbc1 Qb4 33. Qxb4 Rxb4 34. Ra5
Nf5 35. Nd3 Rb5 36. Rxb5 Bxb5 37. Ne5 Nde7 38. Rc7 Rc8 39. Rxc8+ Nxc8 40. Nc3
Be8 41. d5 exd5 42. Bxd5 Nce7 43. Bb3 Bxe5 44. fxe5 Bd7 45. Ne4 Bc6 46. Nf6+
Kg7 47. h3 Bf3 48. Kh2 Nc6 49. g4 hxg4 50. hxg4 Nfe7 51. Bg3 Nd4 52. Bc4 Bb7
53. Ne8+ Kf8 54. Nd6 Nf3+ 55. Kh3 Bd5 56. Bxd5 Nxd5 57. Kg2 Nd4 58. Bf2 Nc6 59.
Bc5 Kg8 60. Nc4 Nf4+ 61. Kf3 Ne6 62. Be3 Kf8 63. Ke4 Ke7 64. Nb6 Nc7 65. Na4
Nd8 66. Bg5+ Ke8 67. Bf6 Nde6 68. Nb6 Nc5+ 69. Kd4 Nb3+ 70. Ke3 Nb5 71. Ke4
Nd2+ 72. Kd3 Nf3 73. Ke3 Nfd4 74. Ke4 Ne6 75. Nc4 Kd7 76. Nb6+ Kc6 77. Na4 Nec7
78. Nb2 Kd7 79. Nd3 Na6 80. Kd5 Nc3+ 81. Kc4 Ne2 82. Kd5 Nc7+ 83. Ke4 Nc3+ 84.
Kd4 Nd1 85. Ke4 Kc6 86. Nb4+ Kc5 87. Be7+ Kc4 88. Nc6 Nc3+ 89. Kf3 Ne6 90. Nd8
Nd4+ 91. Kf4 Nd5+ 92. Kg5 Nf3+ 93. Kh6 Nxe5 94. Nxf7 Nxg4+ 95. Kxg6 Nxe7+ 96.
Kg5 1/2-1/2

[Event "Sportsko leto 2013"]
[Site "Paracin, hotel "]
[Date "2013.07.11"]
[Round "8.44"]
[White "Kovacevic, Bozidar"]
[Black "Radovanovic, Mihajlo"]
[Result "1-0"]
[WhiteElo "1933"]
[BlackElo "1878"]
[PlyCount "193"]
[EventDate "2013.07.05"]

1. b4 c6 2. c4 Nf6 3. Bb2 Qb6 4. Qb3 a5 5. bxa5 Qxa5 6. Nf3 Na6 7. Nc3 Nc5 8.
Qc2 Qb4 9. e3 d6 10. Be2 g6 11. O-O Bf5 12. d3 Bg7 13. e4 Bd7 14. Rab1 Qa5 15.
Nd4 O-O 16. Nb3 Qa7 17. Nxc5 Qxc5 18. Rfd1 Bg4 19. Bxg4 Nxg4 20. Na4 Qa7 21.
Bxg7 Kxg7 22. Nb6 Rad8 23. h3 Ne5 24. Qc3 f6 25. Rb2 Nd7 26. Nxd7 Rxd7 27. Rdb1
e5 28. Rb6 Rff7 29. R1b2 Qa4 30. Qb3 Qa5 31. Qb4 Qa8 32. a4 Qc8 33. a5 d5 34.
exd5 cxd5 35. c5 Rc7 36. Rc2 Rc6 37. Rxc6 Qxc6 38. Rb2 d4 39. Qc4 Rc7 40. Rb6
Qxc5 41. Qxc5 Rxc5 42. Rxb7+ Kh6 43. a6 Ra5 44. a7 f5 45. Re7 Kg5 46. g3 h5 47.
Rxe5 Rxa7 48. Rd5 Ra4 49. Rd6 f4 50. Rd5+ Kf6 51. gxf4 Ke6 52. Re5+ Kf6 53. Re4
Kf5 54. Kg2 g5 55. fxg5 Kxg5 56. Kg3 Rb4 57. f4+ Kf5 58. Kh4 Ra4 59. Kxh5 Ra8
60. Kh4 Rh8+ 61. Kg3 Rg8+ 62. Kf3 Rh8 63. Re5+ Kf6 64. Ke4 Rxh3 65. Kxd4 Rh4
66. Ke4 Rh1 67. d4 Re1+ 68. Kd5 Rf1 69. f5 Ra1 70. Kd6 Ra6+ 71. Kc7 Ra4 72. Rd5
Rc4+ 73. Kd7 Ra4 74. Rd6+ Kxf5 75. Kc6 Rc4+ 76. Kd5 Rc8 77. Ra6 Rd8+ 78. Kc5
Rd7 79. d5 Rd8 80. Ra7 Ke5 81. Re7+ Kf6 82. d6 Rc8+ 83. Rc7 Rh8 84. Kc6 Rh1 85.
Re7 Rc1+ 86. Kd7 Ra1 87. Re3 Rc1 88. Kd8 Kf7 89. d7 Kf8 90. Rb3 Kf7 91. Rb7 Rc2
92. Rc7 Ra2 93. Kc8 Ra8+ 94. Kb7 Rd8 95. Kc6 Ke7 96. Ra7 Rh8 97. d8=Q+ 1-0

[Event "Sportsko leto 2013"]
[Site "Paracin, hotel "]
[Date "2013.07.11"]
[Round "8.45"]
[White "Kuzmanovic, Slobodan"]
[Black "Dodic, Dragan"]
[Result "1/2-1/2"]
[WhiteElo "2146"]
[BlackElo "2141"]
[PlyCount "43"]
[EventDate "2013.07.05"]

1. e4 c6 2. Nc3 d5 3. Nf3 Bg4 4. h3 Bh5 5. Be2 e6 6. d3 Nf6 7. O-O Be7 8. Bg5
h6 9. Bf4 Na6 10. Ne5 Bxe2 11. Qxe2 O-O 12. Rad1 c5 13. exd5 Nxd5 14. Nxd5 Qxd5
15. a3 Rfd8 16. Rfe1 Rac8 17. Qh5 Rf8 18. Re3 Bg5 19. Bxg5 hxg5 20. Qf3 Rfd8
21. Qxd5 Rxd5 22. Ree1 1/2-1/2